000 01163nam a22002297a 4500
003 BJBSDDR
005 20251112102326.0
007 ta
008 251112s2017 ||||| |||| 00| 0 spa d
020 _a9789562891608
020 _a9562891607
040 _bspa
_cBJBSDDR
041 _aspa
050 _bB242r 2017
100 1 _aBárcena Ibarra, Alicia,
_d1952-
_913301
245 1 0 _aEl Regreso de la crisis en América Latina :
_balgunas experiencias nacionales /
_cAlicia Bárcena
260 _aChile :
_bFondo de Cultura Económica Chile S.A.,
_c2017
300 _a292 pages :
_billustrations ;
_c 21 cm
505 _a América Latina y el Caribe 2016 : un diagnóstico socioeconómico bajo al Agenda 2030 La economía argentina en el ocaso del populismo Un diagnóstico "disidente" del gobierno de Dilma : del "industrialismo" al giro neoliberal Chile en la economía internacional : trayectoria reciente y desafíos Colombia en el marco del viraje económico y político de América Latina Después del auge : la especificidad centroamericana La "gran transformación" mexicana : historia y desafíos
942 _2lcc
_n0
_cBK
946 _icmc
999 _c125826
_d125826